| 000 | 00489nam a2200181Ia 4500 | ||
|---|---|---|---|
| 008 | 230917s9999||||xx |||||||||||||| ||und|| | ||
| 020 | _cGBP54.99 | ||
| 040 |
_e249724 _aMAIN |
||
| 041 | _aEnglish | ||
| 082 | _a570 T216C(9) | ||
| 100 | _aTaylor, Martha R | ||
| 245 | 0 | _aCampbell biology: Concepts and connections | |
| 250 | _a9th ed. | ||
| 260 |
_aNew York _bPearson Education _c2019 |
||
| 300 | _a922 p. | ||
| 500 | _a3251 21/08/2018 HBD18/7473 21/08/2018 Main Budget | ||
| 942 | _cBK | ||
| 999 |
_c27988 _d27988 |
||